000 00739nas a2200253 4500
001 BR0800891
003 BR-BrBNA
005 20231205111616.0
007 ta
008 230509b bl.|||p| |||| 00| 00por d
040 _aBR-BrBNA
_bpor
_cBiblioteca Nacional de Agricultura
041 _a(Pt)
072 _aL70
100 1 _aAlves, A.L.G.
100 1 _aBorges, A.S.
100 1 _aBarros, B.J.P.
245 1 _aExame ultra-sonográfico do sistema locomotor equino
650 _aEQUINO
650 _aULTRA-SOM
650 _aCLAUDICAÇÃO
773 0 _tRevista Brasileira de Reprodução Animal (Brazil)
_xISSN 0102-0803
_g(1997), v. 21(3) p. 157-160
_wBR0800891
909 _a202311
_bLúcia
_c55
_dLúcia Elande
942 _2AGRIS
_n0
_cANA
999 _c193518
_d193518